[Event "Frankfurt-chA"]
[Site "Frankfurt"]
[Date "2017.05.02"]
[Round "2"]
[White "Lehmann, Gerit"]
[Black "Wolff, Juergen"]
[Result "0-1"]
[WhiteElo "1568"]
[BlackElo "1752"]
[PlyCount "58"]
[EventDate "2017.04.24"]
[EventType "swiss"]
[EventRounds "7"]
[EventCountry "GER"]
[SourceTitle "EXT 2018"]
[Source "ChessBase"]
[SourceDate "2017.10.13"]
[SourceVersion "1"]
[SourceVersionDate "2017.10.13"]
[SourceQuality "1"]

1. d4 Nf6 2. c4 g6 3. Nc3 Bg7 4. Nf3 d6 5. Bf4 0-0 6. e3 c5 7. h3 Nbd7 8. Be2 b6 9. 0-0 Bb7 10. Bh2 Rc8 11. a4 cxd4 12. exd4 Bxf3 13. Bxf3 Rxc4 14. Be2 Rb4 15. Qd2 a5 16. Rfd1 Qb8 17. Bb5 e5 18. dxe5 dxe5 19. Nd5 Nxd5 20. Qxd5 Nc5 21. Qd2 Nb3 22. Qe2 Nxa1 23. Rxa1 Qd6 24. Re1 f6 25. Qc2 Rd4 26. b3 Rd8 27. Be2 Rd2 28. Qc4+ Kh8 29. Qf7 Rxe2 0-1

[Event "Frankfurt-chA"]
[Site "Frankfurt"]
[Date "2017.04.24"]
[Round "1"]
[White "Wolff, Juergen"]
[Black "Uwira, Oliver"]
[Result "0-1"]
[WhiteElo "1752"]
[BlackElo "2230"]
[PlyCount "64"]
[EventDate "2017.04.24"]
[EventType "swiss"]
[EventRounds "7"]
[EventCountry "GER"]
[SourceTitle "EXT 2018"]
[Source "ChessBase"]
[SourceDate "2017.10.13"]
[SourceVersion "1"]
[SourceVersionDate "2017.10.13"]
[SourceQuality "1"]

1. e4 c5 2. Nf3 Nc6 3. d4 cxd4 4. Nxd4 Nf6 5. Nc3 e5 6. Ndb5 d6 7. Bg5 a6 8. Na3 b5 9. Nd5 Be7 10. Bxf6 Bxf6 11. c3 Bg5 12. Nc2 Rb8 13. Bd3 0-0 14. 0-0 a5 15. a3 Be6 16. Nce3 Bxe3 17. Nxe3 Ne7 18. Qe2 Qb6 19. Kh1 Rfd8 20. Rad1 Qc6 21. f3 f6 22. Rd2 a4 23. Rfd1 Nc8 24. Nc2 Bb3 25. Nb4 Qe8 26. Bc2 Bc4 27. Bd3 Nb6 28. Bxc4+ Nxc4 29. Rd3 Rbc8 30. Qf2 Qf7 31. Nd5 Re8 32. Nb6 Qa7 0-1